000 00468nam a22001697a 4500
999 _c9070
_d9070
008 210322b ||||| |||| 00| 0 eng d
040 _aBMS College of Architecture
100 _aShravya
245 _aInstitute of fashion technology
300 _a34p.
500 _a1BM07AT043
502 _8B.Arch
_NBMS College of Architecture
_aProject report
_d2012
650 _aInstitute
700 _aShobha M N
_eGuide
700 _aK R Madhu Chand
_eGuide
942 _2ddc
_cTHE